|
|
|
|
| LEADER |
00000nam0a2200000 4500 |
| 001 |
30107 |
| 005 |
20231101205943.0 |
| 010 |
|
|
|a 5020084158
|
| 035 |
|
|
|a (RuTPU)RU\TPU\book\30375
|
| 035 |
|
|
|a BOOK00030451
|
| 090 |
|
|
|a 30107
|
| 100 |
|
|
|a 20011209d2000 k y0rusy50 ca
|
| 101 |
0 |
|
|a rus
|
| 102 |
|
|
|a RU
|
| 105 |
|
|
|a y z 001zy
|
| 200 |
1 |
|
|a Классическая социология
|f В. П. Култыгин
|
| 210 |
|
|
|a Москва
|c Наука
|d 2000
|
| 215 |
|
|
|a 526 с.
|
| 320 |
|
|
|a Библиогр.: с. 477-502.
|
| 606 |
1 |
|
|a Социология
|x История
|2 stltpush
|3 (RuTPU)RU\TPU\subj\68529
|9 83774
|
| 610 |
1 |
|
|a социология
|
| 610 |
1 |
|
|a история
|
| 610 |
1 |
|
|a Франция
|
| 610 |
1 |
|
|a США
|
| 610 |
1 |
|
|a Великобритания
|
| 610 |
1 |
|
|a Англия
|
| 610 |
1 |
|
|a Италия
|
| 610 |
1 |
|
|a Россия
|
| 686 |
|
|
|a С51(0)
|v LBC/SL-A
|2 rubbk
|
| 700 |
|
1 |
|a Култыгин
|b В. П.
|g Владимир Павлович
|
| 801 |
|
0 |
|a RU
|b 63413507
|c 20011209
|g PSBO
|
| 801 |
|
2 |
|a RU
|b 63413507
|c 20220425
|g PSBO
|
| 942 |
|
|
|c BK
|